La Constitution européenne à référendum : Espagne et France 2005 / Joan Marcet (ed.) ; Elisabeth Dupoirier ... [et al.] Espagne et France 2005 / Joan Marcet (ed.) ; Elisabeth Dupoirier ... [et al.]
ISBN:
84-608-0468-2
Descripción Física:
128 p. : quadres, gràf. ; 23 cm
Colección:
Workshop Barcelona ; 22
MARC
| LEADER | 00000nam a2200000Ia 4500 | ||
|---|---|---|---|
| 001 | 22386 | ||
| 008 | 160829s2006 xx 000 0 cat d | ||
| 020 | |a 84-608-0468-2 | ||
| 080 | |a M-6-323 | ||
| 245 | |a La Constitution européenne à référendum : |b Espagne et France 2005 / Joan Marcet (ed.) ; Elisabeth Dupoirier ... [et al.] | ||
| 260 | |a Barcelona : |b ICPS, Institut de Ciències Polítiques i Socials, |c 2006 | ||
| 300 | |a 128 p. : |b quadres, gràf. ; |c 23 cm | ||
| 490 | |a Workshop Barcelona ; 22 | ||
| 590 | |a Bibliografia | ||
| 650 | |a Referèndum |x Espanya |x 2005 |9 44784 | ||
| 650 | |a Referèndum |x França |x 2005 |9 44785 | ||
| 650 | |a Constitucions |x Unió Europea, Països de la |9 45364 | ||
| 700 | |a Marcet, Joan, ed. |9 44298 | ||
| 700 | |a Dupoirier, Élisabeth |9 44787 | ||
| 710 | 2 | |a Institut de Ciències Polítiques i Socials (Barcelona, Catalunya) |9 55871 | |
| 901 | |a Arxiu | ||
| 942 | |n 1 | ||
| 952 | |0 0 |1 0 |4 0 |6 M6323 |7 1 |9 52169 |a Arxiu |b Arxiu |d 2016-12-01 |l 0 |o M-6-323 |p 22386 |r 2016-12-01 00:00:00 |w 2016-12-01 |y ARXIU | ||
| 999 | |c 56017 |d 56017 | ||